000 00543nam a2200229Ia 4500
003 OSt
005 20220918192719.0
006 a|||||r|||| 00| 0
007 ta
008 220917b |||||||| |||| 00| 0 eng d
024 _a69,752
037 _cTextual
040 _aARTS
_cARTS
_beng
041 _2eng
_aeng
082 _aQ, J7
100 _aSpiegelberg F
_979877
245 0 _aLiving religions of the world
260 _c1957
650 _aRELIGION
942 _hQ, J7
_cTEXL
_2CC
999 _c195882
_d195882